000 00281nam a2200121Ia 4500
008 190216s9999||||xx |||||||||||||| ||und||
100 _aRamaswamy
245 0 _aShort Modern Plays
260 _bPaico Pub.House Ekm
_c1972
300 _a123p
650 _aEnglish Drama
942 _cBK
999 _c12525
_d12525